• 首页
  • 本馆介绍
  • 公告通知
  • 最新文献
  • 馆藏检索
  • 电子资源
  • 读者导购
  • 参考咨询
  • 我的图书馆
  • 登录
  • 详细信息显示
  • 放入我的书架
  • 预约/预借图书
  • 作者相关作品
  • 分类相关作品
  • 丛书相关作品
  • 出版社相关作品

书目信息

  • 表格格式
  • 工作单格式
  • 卡片格式
题名:
中国工业化的道路
    
 
作者: 金碚 著
分册:  
出版信息: 北京   中国社会科学出版社  2017
页数: 330页
开本: 24cm
丛书名: 理解中国丛书
单 册:
中图分类: F424
科图分类:
主题词: 工业化--gong ye hua--研究--中国
电子资源:
ISBN: 978-7-5161-9796-7
000 01271nam0 22002891 450
001 1738600650
005 20170627164619.0
010    @a978-7-5161-9796-7@dCNY76.00
100    @a20170509d2017 em y0chiy50 ea
101 0  @achi
102    @aCN@b110000
105    @ay z 000yy
106    @ar
200 1  @a中国工业化的道路@9zhong guo gong ye hua de dao lu@e奋进与包容@dChina's path of industrialization@eendeavors and inclusiveness@f金碚著@zeng
210    @a北京@c中国社会科学出版社@d2017
215    @a330页@d24cm
225 2  @a理解中国丛书@9li jie zhong guo cong shu@f赵剑英主编
300    @a中国社会科学院创新工程学术出版资助项目
330    @a新中国的工业化进程始于1953年开始执行的国民经济发展第一个五年计划,中国并没有沿用其他国家一般采用的轻纺工业起步的工业化道路,而是采取了重化工业起步的超常规道路,实行”优先发展重工业”的战略。改革开放后,市场化改革、对外开放、结构调整、技术创新共同构成了当今中国工业化的推动力量。
461  0 @12001 @a理解中国丛书
510 1  @aChina's path of industrialization@eendeavors and inclusiveness@zeng
517 1  @a奋进与包容@9fen jin yu bao rong
606 0  @a工业化@9gong ye hua@x研究@y中国
690    @aF424@v5
701  0 @a金碚@9jin bei@4著
801  0 @aCN@bTANGWEI@c20170621
905    @b1015729-34@dF424@e165@f6
    
    中国工业化的道路:奋进与包容=China's path of industrialization:endeavors and inclusiveness/金碚著.-北京:中国社会科学出版社,2017
    330页;24cm.-(理解中国丛书/赵剑英主编)
    中国社会科学院创新工程学术出版资助项目
    
    ISBN 978-7-5161-9796-7:CNY76.00
    新中国的工业化进程始于1953年开始执行的国民经济发展第一个五年计划,中国并没有沿用其他国家一般采用的轻纺工业起步的工业化道路,而是采取了重化工业起步的超常规道路,实行”优先发展重工业”的战略。改革开放后,市场化改革、对外开放、结构调整、技术创新共同构成了当今中国工业化的推动力量。
●
相关链接 在E读中查询图书 在五车中查询图书 在当当中查询图书 在豆瓣中查询图书


正题名:中国工业化的道路     索取号:F424/165         预约/预借

序号 登录号 条形码 馆藏地/架位号 状态 备注
1 1015729   210157293   第一样本阅览室/ [索取号:F424/165] 在馆    
2 1015730   210157300   教育系资料室/ [索取号:F424/165] 在馆    
3 1015731   210157319   教育系资料室/ [索取号:F424/165] 在馆    
4 1015732   210157328   教育系资料室/ [索取号:F424/165] 在馆    
5 1015733   210157337   第一借阅区/ [索取号:F424/165] 在馆    
6 1015734   210157346   第一借阅区/ [索取号:F424/165] 在馆    
唐山师范学院图书馆 欢迎您!
大连网信软件有限公司© 版权所有